000
00320 a2200157 4500
001
162985
020
_a
040
_c
Magnum
100
_a
Murgel Branco, Samuel
240
1
0
_a
O ambiente do mar
_l
por
245
1
0
_a
O ambiente do mar
362
0
_a
1899
440
1
_a
Moderna
697
_a
IJ/ECOLOGIA
942
_c
BK
999
_c
162985
_d
162985